01294nam a2200349Ia 4500001001200000003000800012006001900020007001500039008004100054010001700095020003100112020002500143040002100168035002100189050002300210082001800233100002500251245008700276260004200363300003700405490003000442504005100472533015200523650001700675650002600692655002900718700002100747710001600768710001700784856012600801999001700927ebr10745132CaPaEBRm o u cr cn|||||||||130607s2013 dcua sb 001 0 eng d z 2013022140 z9781464800498 (alk. paper) z9781464800504 (ebk.) aCaPaEBRcCaPaEBR a(OCoLC)85771699014aHB238b.N35 2013eb04a338.6/0482231 aNallari, Raj,d1955-10aClusters of competitivenessh[electronic resource] /cRaj Nallari, Breda Griffith. aWashington, DC :bWorld Bank,cc2013. axvi, 129 p. :bill. (some col.).0 aDirections in development aIncludes bibliographical references and index. aElectronic reproduction.bPalo Alto, Calif. :cebrary,d2013.nAvailable via World Wide Web.nAccess may be limited to ebrary affiliated libraries. 0aCompetition. 0aEconomic development. 7aElectronic books.2local1 aGriffith, Breda.2 aWorld Bank.2 aebrary, Inc.40uhttp://site.ebrary.com/lib/rucke/Doc?id=10745132zAn electronic book accessible through the World Wide Web; click to view c14078d14078